| 000 | 00655cam a22002531 4500 | ||
|---|---|---|---|
| 001 | sa 67007411 | ||
| 003 | DLC | ||
| 005 | 20260227112415.0 | ||
| 008 | 900103s1966 ii 000 0 orio | ||
| 010 | _asa 67007411 | ||
| 035 | _a(OCoLC)20841619 | ||
| 040 |
_aDLC _cWaU _dDLC |
||
| 042 | _apremarc | ||
| 050 | 0 | 0 |
_aPK2576 _b.J4 |
| 100 | 1 |
_aJena, Murari Mohan, _d1934- |
|
| 245 | 1 | 0 | _aŚāstrī smaraṇikā. |
| 260 | _c[1966] | ||
| 300 |
_a28, 224 p. _c22 cm. |
||
| 500 | _aIn Oriya. | ||
| 600 | 1 | 0 |
_aShastri, Lal Bahadur, _d1904-1966 _vPoetry. |
| 650 | 0 | _aOriya poetry. | |
| 700 | 1 | _aAdhikārī, Paramānanda. | |
| 700 | 1 | _aMahanti, Brajamohan. | |
| 999 |
_c76569 _d76569 |
||